000 02454 a2200373 4500
001 24029685
003 0000
005 20260225162811.0
008 250213s2020 enka b 000 0 eng
010 _a 2023514969
020 _a9780857197689
035 _a24029685
040 _aDLC
_beng
_erda
_cDLC
042 _apcc
050 0 0 _aHG 222.3 .H68
100 1 _aHousel, Morgan,
_eauthor.
245 1 4 _aThe psychology of money :
_btimeless lessons on wealth, greed and happiness /
_cMorgan Housel.
246 3 0 _aTimeless lessons on wealth, greed, and happiness
264 1 _aPetersfield :
_bHarriman House,
_c2020.
300 _ax, 242 pages :
_bblack and white illustrations ;
_c22 cm
336 _atext
_2rdacontent
337 _aunmediated
_2rdamedia
338 _avolume
_2rdacarrier
504 _aIncludes bibliographical references.
505 0 _aNo one's crazy -- Luck & risk -- Never enough -- Confounding compounding -- Getting wealthy vs. staying wealthy -- Tails, you win -- Freedom -- Man in the car paradox -- Wealth is what you don't see -- Save money -- Reasonable > rational -- Surprise! -- Room for error -- You'll change -- Nothing's free -- You & me -- The seduction of pessimism -- When you'll believe anything -- All together now -- Confessions.
520 _a"Doing well with money isn't necessarily about what you know. It's about how you behave. And behavior is hard to teach, even to really smart people. Money, investing, personal finance, and business decisions, is typically taught as a math-based field, where data and formulas tell us exactly what to do. But in the real world people don't make financial decisions on a spreadsheet. They make them at the dinner table, or in a meeting room, where personal history, your own unique view of the world, ego, pride, marketing, and odd incentives are scrambled together. In The Psychology of Money, award-winning author Morgan Housel shares 19 short stories exploring the strange ways people think about money and teaches you how to make better sense of one of life's most important topics."-- cover page 4.
650 0 _aMoney
_xPsychological aspects.
650 0 _aWealth.
650 0 _aFinance, Personal
_xManagement.
650 0 _aFinancial literacy.
906 _a7
_bcbc
_corigres
_d2
_encip
_f20
_gy-gencatlg
942 _2lcc
_cBK
999 _c44085
_d44085